000 00524nam a2200193 4500
003 SEACOMMC
005 20231010085409.0
008 231010b |||||||| |||| 00| 0 eng d
020 _c$ 8.50
040 _aSEACOMMC
082 _a621.3815
_bDEM
100 1 _aDemassa, Thomas A.
245 1 _aDigital integrated circuits
_cThomas A. Demassa and Zack Ciccone
260 _aNew York
_bJohn Wiley
_c2003
650 _aEngineering
650 _aElectronics, communications engineering
700 1 _aCiccone, Zack
942 _cBOOK
999 _c77
_d77